000 00421nab a2200145Ia 4500
003 ES-SlBCS
005 20211208011006.0
008 140529s1992 xxu||||| |||| 00| 0 spa d
041 _aspa
100 1 _aTrigo, Pedro
_95394
245 0 0 _aSobre el concepto de marginado, sus usos y realidad
_c Pedro Trigo
650 0 4 _aMarginado
_9220373
773 0 _tAnthropos
_gvol. 13, nº. 24, 1992, págs. 67-94
_wRev38
942 _cAR
999 _c615200
_d615200